000 00303nam a22001337a 4500
008 171103b xxu||||| |||| 00| 0 eng d
020 _a9780132724517
041 _aeng
080 _23 ED
_a339.138
100 _a60
101 _aMAR
245 _aINTERNATIONAL MARKETING
_cSHAW.J.J
942 _2udc
_cBK
999 _c37567
_d37567